书目信息 |
| 题名: |
奥林匹克回忆录
|
|
| 作者: | 顾拜旦 著 ;刘汉全 译 | |
| 分册: | ||
| 出版信息: | 北京 北京体育大学出版社 2007 |
|
| 页数: | 223页 | |
| 开本: | 23cm | |
| 丛书名: | ||
| 单 册: | ||
| 中图分类: | G811.219 | |
| 科图分类: | ||
| 主题词: | 奥运会--史料 , 奥运会 | |
| 电子资源: | ||
| ISBN: | 978-7-81100-747-3 | |
| 000 | 00994nam0 2200277 450 | |
| 001 | 1236894561 | |
| 005 | 20121016101527.21 | |
| 010 | @a978-7-81100-747-3@dCNY45.00 | |
| 100 | @a20080102d2007 em y0chiy50 ea | |
| 101 | 1 | @achi@cfre |
| 102 | @aCN@b110000 | |
| 105 | @aa z 000yy | |
| 200 | 1 | @a奥林匹克回忆录@Aao lin pi ke hui yi lu@f(法)皮埃尔·德·顾拜旦著@g刘汉全译 |
| 210 | @a北京@c北京体育大学出版社@d2007 | |
| 215 | @a223页@c照片@d23cm | |
| 300 | @a中国体育科学学会资助出版 | |
| 312 | @a法文原名:Memoires olympiques | |
| 330 | @a本书内容包括:“巴黎代表大会与奥林匹克运动会的恢复”、“希腊的征服”、“首届奥林匹克运动会(1896年,雅典)”、“勒阿弗尔奥林匹克代表大会(1897)”等。 | |
| 510 | 1 | @aMemoires olympiques@zfre |
| 606 | 0 | @a奥运会@j史料 |
| 606 | 0 | @a奥运会 |
| 690 | @aG811.219@v4 | |
| 701 | 0 | @c(法)@a顾拜旦@Agu bai dan@c(Coubertin,Pierre de@f1863~1937)@4著 |
| 702 | 0 | @a刘汉全@Aliu han quan@4译 |
| 801 | 0 | @aCN@bNLC@c20101222 |
| 905 | @a10447@dG811.219@eJY366 | |
| 奥林匹克回忆录/(法)皮埃尔·德·顾拜旦著/刘汉全译.-北京:北京体育大学出版社,2007 |
| 223页:照片;23cm |
| 中国体育科学学会资助出版 |
| ISBN 978-7-81100-747-3:CNY45.00 |
| 本书内容包括:“巴黎代表大会与奥林匹克运动会的恢复”、“希腊的征服”、“首届奥林匹克运动会(1896年,雅典)”、“勒阿弗尔奥林匹克代表大会(1897)”等。 |
| ● |
| 相关链接 |
|
|
|
|
正题名:奥林匹克回忆录
索取号:G811.219/JY366
 
预约/预借
| 序号 | 登录号 | 条形码 | 馆藏地/架位号 | 状态 | 备注 |
| 1 | 7828802 | 278288023 | 学院路分馆/ [索取号:G811.219/JY366] | 在馆 | |
| 2 | 7828803 | 278288032 | 学院路分馆/ [索取号:G811.219/JY366] | 在馆 |